Pokémon - Les attaques de Négapi - Statistiques

Statistiques générales
  • Ce quiz a été pris 26 fois
    12 depuis la dernière actualisation
  • Le résultat moyen est 11 sur 20
Statistiques - réponses
Niveaux Types Noms des attaques % Correct
Départ Normal Vive-Attaque
100%
Départ Électrique Cage-Éclair
83%
Niveau 7 Électrique Étincelle
83%
Niveau 43 Électrique Fatal-Foudre
83%
Réapprentissage Électrique Frotte-Frimousse
83%
Niveau 19 Électrique Boule Élek
67%
Niveau 31 Électrique Coup d'Jus
67%
Niveau 4 Normal Coup d'Main
67%
Départ Normal Rugissement
67%
Niveau 26 Électrique Chargeur
50%
Niveau 10 Normal Encore
50%
Niveau 37 Psy Hâte
50%
Niveau 13 Ténèbres Passe-Passe
50%
Niveau 46 Ténèbres Machination
33%
Niveau 16 Normal Météores
33%
Niveau 34 Normal Relais
33%
Niveau 49 Normal Ten-danse
33%
Départ Normal Camaraderie
17%
Niveau 40 Normal Dernier Recours
17%
Niveau 22 Normal Photocopie
0%
Aucun quiz correspondant
Distribution des résultats
% des personnes avec chaque résultat
Percentile par nombre de réponses
Votre historique - résultats
Vous n’avez pas pris ce quiz depuis la dernière actualisation